| 000 | 01444nam a2200289 a 4500 | ||
|---|---|---|---|
| 001 | 000020348 | ||
| 005 | 20240409073639.0 | ||
| 008 | 100805t2010 dr 001 0 spa d | ||
| 020 | _a9789945404272 | ||
| 040 |
_aDO-SdBNP _bspa _cBNPHU |
||
| 082 |
_a325.27293 _bB715e |
||
| 100 | 1 |
_aBonilla, Walter R. _942997 |
|
| 245 | 1 | 0 |
_aExilio y memoria en la Era de Trujillo / _cWalter R. Bonilla. |
| 260 |
_aSanto Domingo : _bMinisterio de Cultura, _c2010. |
||
| 300 |
_a187 p. ; _c23 cm. |
||
| 490 | 1 | _aEdiciones de Cultura ; | |
| 502 | _aTesis (Dr.) Universidad de Puerto Rico, Recinto de Río Piedras. Dpto. de Historia, 2006. | ||
| 504 | _aIncluye referencias bibliográficas y notas al pie de páginas. | ||
| 504 | _aBibliografía : p. 167-187. | ||
| 505 | 0 |
_gIntroducción -- _tLa memoria traumática de César Romero -- _tLa memoria emblemática de Ángel Miolán Romero -- _tLa memoria autobiográfica de Germán Ornes -- _tLa memoria testimonial de Carolina Minardi -- _tLas memorias de los exiliados antitrujillistas : un final inconcluso -- _gBibliografía. |
|
| 590 | _aInventariado, 2018/BT | ||
| 650 | 4 |
_aExpatriación _zRepública Dominicana _yERA DE TRUJILLO, 1930-1961 _942998 |
|
| 650 | 4 |
_aPersecuciones políticas _zRepública Dominicana _928992 |
|
| 651 | 4 |
_aRepública Dominicana _xPolítica Y Gobierno _yERA DE TRUJILLO, 1930-1961 _91374 |
|
| 830 | 0 |
_aEdiciones de Cultura ; _942999 |
|
| 910 | _aValidado. Control de calidad. EMS | ||
| 999 |
_c19852 _d19852 |
||